| 000 | 00906nam a2200229Ia 4500 | ||
|---|---|---|---|
| 008 | 220216s9999 xx 000 0 und d | ||
| 100 | _aNair N U | ||
| 245 | 0 | _aClonal variations in the activity of 3-Hydroxy-3-Methyl glutaryl-CoA reductase in bark of Hevea brasiliensis | |
| 260 |
_bIndian Journal of Natural Rubber Research _c1990 |
||
| 300 | _a40-42 | ||
| 520 | _aHMG-CoA reductase activity in the bark of Hevea brasiliensis was estimated in four clones with contrasting yield characteristics. Significant difference in bark enzyme activity was observed between the high yielding and low yielding clones. | ||
| 650 | _aClonal variation | ||
| 650 | _aHevea brasiliensis | ||
| 650 | _aHMG CoA reductase | ||
| 650 | _aRubber biosynthetic capacity | ||
| 700 | _aGeorge P J | ||
| 700 | _aSimon S P | ||
| 700 | _aSreelatha S | ||
| 700 | _aThomas M | ||
| 700 | _aVijayakumar K R | ||
| 942 | _cJS | ||
| 999 |
_c55754 _d55754 |
||